Todos los campeones de Wimbledon de la Era Abierta - ATP - Estadísticas

Estadísticas generales
  • Esta prueba ha sido intentada 35 veces
  • La puntuación promedio es 40 de 57
Estadísticas de respuestas
Año Ganador % Correcto
2022 Djokovic
100%
2021 Djokovic
100%
2019 Djokovic
100%
2018 Djokovic
100%
2015 Djokovic
100%
2014 Djokovic
100%
2011 Djokovic
100%
2017 Federer
100%
2012 Federer
100%
2009 Federer
100%
2007 Federer
100%
2006 Federer
100%
2005 Federer
100%
2004 Federer
100%
2003 Federer
100%
2010 Nadal
100%
2008 Nadal
100%
2025 Sinner
100%
2024 Alcaraz
97%
2023 Alcaraz
97%
2016 Murray
94%
2013 Murray
94%
2000 Sampras
90%
1999 Sampras
90%
1998 Sampras
90%
1997 Sampras
90%
1995 Sampras
90%
1994 Sampras
90%
1993 Sampras
90%
1992 Agassi
77%
1980 Borg
77%
1979 Borg
77%
1978 Borg
77%
1977 Borg
77%
1976 Borg
77%
1984 McEnroe
77%
1983 McEnroe
77%
1981 McEnroe
77%
1969 Laver
48%
1968 Laver
48%
1989 Becker
42%
1986 Becker
42%
1985 Becker
42%
1982 Connors
42%
1974 Connors
42%
2002 Hewitt
42%
2001 Ivanisevic
32%
1990 Edberg
29%
1988 Edberg
29%
1975 Ashe
23%
1971 Newcombe
16%
1970 Newcombe
16%
1972 Smith
10%
1991 Stich
10%
1987 Cash
6%
1973 Kodes
6%
1996 Krajicek
6%
No se encontraron pruebas coincidentes
Distribución de puntuación
Porcentaje de gente con cada puntuación
Porcentaje por número respondido
Historial de tus puntuaciones
No has intentado esta prueba.